<The> Evaluation of the EU Trade with Russia Based on the Analysis of Selected Indices: Revealed Comparative Advantages, Intra-industry Trade, and Trade Intensity

V rokoch 2005 až 2016 došlo k mnohým geopolitickým a hospodárskym zmenám, ktoré ovplyvnili vzájomný obchod medzi EÚ a jej hlavnými obchodnými partnermi. Z dlhodobého hľadiska je jedným z najdôležitejších obchodných partnerov EÚ Rusko. Je významným dodávateľom energetických zdrojov pre EÚ, ako aj výz...

Ausführliche Beschreibung

Gespeichert in:
Bibliographische Detailangaben
1. Verfasser: Kašťáková, Elena, 1974-
Weitere Verfasser: Baumgartner, Boris
Format: Buchkapitel
Sprache:Englisch
Schlagworte:
Tags: Tag hinzufügen
Keine Tags, Fügen Sie das erste Tag hinzu!

MARC

LEADER 00000nla a2200000 4500
001 0241421
005 20240502083647.9
041 0 |a eng 
044 |a CZ 
245 1 0 |a <The> Evaluation of the EU Trade with Russia Based on the Analysis of Selected Indices: Revealed Comparative Advantages, Intra-industry Trade, and Trade Intensity  |c Elena Kašťáková, Boris Baumgartner 
520 |a V rokoch 2005 až 2016 došlo k mnohým geopolitickým a hospodárskym zmenám, ktoré ovplyvnili vzájomný obchod medzi EÚ a jej hlavnými obchodnými partnermi. Z dlhodobého hľadiska je jedným z najdôležitejších obchodných partnerov EÚ Rusko. Je významným dodávateľom energetických zdrojov pre EÚ, ako aj významným exportným trhom pre európskych výrobcov. Aj dnes, keď sú vzájomné obchodné vzťahy negatívne ovplyvnené obchodno-politickými sankciami, je vzájomná závislosť nepopierateľná. Analýza vzájomného obchodu medzi EÚ a Ruskom s využitím vybraných indexov. Strategický význam tohto obchodného vzťahu. 
610 2 0 |a analýza komparatívna 
610 2 0 |a Európska únia 
610 2 0 |a Spoločenstvo nezávislých štátov 
610 2 0 |a Rusko 
610 2 0 |a priemysel 
610 2 0 |a obchod medzinárodný 
610 2 0 |a výhody komparatívne 
100 1 |a Kašťáková, Elena, 1974- 
700 1 |a Baumgartner, Boris